States With NFL Teams - Sudden Death - Statistics

General Stats
  • This quiz has been taken 857 times
  • The average score is 12 of 22
Answers on the Grid
Answers color-coded by a green-red scale on the quiz's grid according to % correct below.
Alabama
Alaska
Arizona
Arkansas
California
Colorado
Connecticut
Delaware
Florida
Georgia
Hawaii
Idaho
Illinois
Indiana
Iowa
Kansas
Kentucky
Louisiana
Maine
Maryland
Massachusetts
Michigan
Minnesota
Mississippi
Missouri
Montana
Nebraska
Nevada
New Hampshire
New Jersey
New Mexico
New York
North Carolina
North Dakota
Ohio
Oklahoma
Oregon
Pennsylvania
Rhode Island
South Carolina
South Dakota
Tennessee
Texas
Utah
Vermont
Virginia
Washington
West Virginia
Wisconsin
Wyoming
 
Answer Stats
Answer % Correct
California
85%
Florida
83%
Arizona
78%
Colorado
68%
Georgia
65%
Illinois
62%
Indiana
58%
Minnesota
57%
Michigan
55%
New York
53%
Louisiana
52%
Texas
52%
Massachusetts
49%
Missouri
47%
Ohio
47%
Pennsylvania
45%
Tennessee
45%
Maryland
44%
Nevada
42%
Washington
42%
Wisconsin
41%
North Carolina
40%
No matching quizzes found
Score Distribution
Percent of People with Each Score
Percentile by Number Answered
Your Score History
You have not taken this quiz